• 首页
  • 本馆介绍
  • 公告通知
  • 最新文献
  • 馆藏检索
  • 电子资源
  • 读者导购
  • 参考咨询
  • 我的图书馆
  • 登录
  • 详细信息显示
  • 放入我的书架
  • 预约/预借图书
  • 作者相关作品
  • 分类相关作品
  • 丛书相关作品
  • 出版社相关作品

书目信息

  • 表格格式
  • 工作单格式
  • 卡片格式
题名:
可再生能源综合法律法规
    
 
作者: 王金锋 主编
分册: 1  
出版信息: 汕头   汕头大学出版社  2018
页数: 138页
开本: 22cm
丛书名:
单 册:
中图分类: D922.674 , D922.6
科图分类:
主题词: 再生能源--能源法--中国--学习参考资料
电子资源:
ISBN: 978-7-5658-3513-1
000 00885nam0 2200241 450
001 2368100737
005 20231128185915.72
010    @a978-7-5658-3513-1@dCNY29.80
100    @a20181129d2018 em y0chiy50 ea
101 0  @achi
102    @aCN@b440000
105    @ay n 000yy
200 1  @a可再生能源综合法律法规@Ake zai sheng neng yuan zong he fa lv fa gui@h1@f王金锋主编
210    @a汕头@c汕头大学出版社@d2018
215    @a138页@d22cm
300    @a全国“七五”普法学习读本 可再生能源法律法规学习读本
330    @a本书分为中华人民共和国可再生能源法和可再生能源发电有关管理规定两个部分,包括资源调查与发展规划、产业指导与技术支持、推广与应用、价格管理与费用补偿等内容。
606 0  @a再生能源@x能源法@y中国@j学习参考资料
690    @aD922.674@v5
690    @aD922.6@v4
701  0 @a王金锋@Awang jin feng@4主编
801  0 @aCN@b91MARC@c20181129
905    @aZUCC@dD922.6@e20:1
    
    可再生能源综合法律法规.1/王金锋主编.-汕头:汕头大学出版社,2018
    138页;22cm
    全国“七五”普法学习读本 可再生能源法律法规学习读本
    
    ISBN 978-7-5658-3513-1:CNY29.80
    本书分为中华人民共和国可再生能源法和可再生能源发电有关管理规定两个部分,包括资源调查与发展规划、产业指导与技术支持、推广与应用、价格管理与费用补偿等内容。
●
相关链接 在五车中查询图书 在当当中查询图书 在豆瓣中查询图书


正题名:可再生能源综合法律法规     索取号:D922.6/20:1         预约/预借

序号 登录号 条形码 馆藏地/架位号 状态 备注
1 2001013715   2001013715   辽宁一、悦读混合/辽宁北配(第三批)/辽批33/ [索取号:D922.6/20:1] 在馆    
2 2001013716   2001013716   辽宁一、悦读混合/辽宁北配(第三批)/辽批33/ [索取号:D922.6/20:1] 在馆    
3 2001013717   2001013717   辽宁一、悦读混合/辽宁北配(第三批)/辽批33/ [索取号:D922.6/20:1] 在馆    
4 2001013718   2001013718   辽宁一、悦读混合/辽宁北配(第三批)/辽批33/ [索取号:D922.6/20:1] 在馆    
5 2001013719   2001013719   辽宁一、悦读混合/辽宁北配(第三批)/辽批33/ [索取号:D922.6/20:1] 在馆    
6 2001013720   2001013720   辽宁一、悦读混合/辽宁北配(第三批)/辽批33/ [索取号:D922.6/20:1] 在馆    
山东省滨州职业学院图书馆 欢迎您!
大连网信软件有限公司© 版权所有